Languages by Language Family - Tile Select - Statistics

General Stats
  • This quiz has been taken 132 times
  • The average score is 38 of 45
Answer Stats
Question Tile Select % Correct
Turkic Tibetan No
97%
Turkic Uzbek Yes
96%
Turkic Kazakh Yes
94%
Turkic Urdu No
94%
Turkic Azerbaijani Yes
92%
Afro-Asiatic Farsi No
92%
Turkic Hungarian No
92%
Indo-European Estonian No
91%
Indo-European Maltese No
91%
Afro-Asiatic Turkish No
91%
Turkic Uyghur Yes
91%
Afro-Asiatic Azerbaijani No
90%
Afro-Asiatic Somali Yes
90%
Dravidian Tamil Yes
89%
Indo-European Albanian Yes
88%
Afro-Asiatic Arabic Yes
88%
Afro-Asiatic Aramaic Yes
88%
Indo-European Armenian Yes
88%
Turkic Tatar Yes
88%
Indo-European Telugu No
88%
Dravidian Bengali No
87%
Afro-Asiatic Berber Yes
87%
Dravidian Hindi No
87%
Indo-European Irish Yes
86%
Indo-European Lithuanian Yes
86%
Turkic Mongolian No
85%
Indo-European Punjabi Yes
85%
Austronesian Malay Yes
83%
Austronesian Thai No
83%
Austronesian Javanese Yes
82%
Dravidian Telugu Yes
82%
Indo-European Farsi Yes
81%
Dravidian Malayalam Yes
81%
Austronesian Maori Yes
81%
Austronesian Vietnamese No
79%
Dravidian Gujarati No
78%
Dravidian Kannada Yes
78%
Austronesian Khmer No
77%
Afro-Asiatic Maltese Yes
75%
Austronesian Hawaiian Yes
74%
Afro-Asiatic Swahili No
71%
Austronesian Malagasy Yes
70%
Dravidian Dhivehi No
67%
Dravidian Sinhala No
65%
Austronesian Ilocano Yes
56%
No matching quizzes found
Score Distribution
Percent of People with Each Score
Percentile by Number Answered
Your Score History
You have not taken this quiz